Zuhrah : misteri yang terselubung

Bibliographic Details
Main Author: Asimov, Isaac
Other Authors: Fatimah Othman (translated by)
Format: Book
Published: Kuala Lumpur : Federal Publications , 1993
Series:Siri Perpustakaan Sistem Suria
Subjects:

MARC

LEADER 00000cam a2200000 7i4500
001 0000001173
002 000001295
005 20060120.0
020 |a 967914593X 
090 0 0 |a 523.2   |b PER 
100 1 |a Asimov, Isaac 
245 1 0 |a Zuhrah :   |b misteri yang terselubung   |c Isaac Asimov ; diterjemah oleh Fatimah Othman 
260 |a Kuala Lumpur :   |b Federal Publications ,   |c 1993 
300 |a 32p. :   |b ill. ;   |c 26cm. 
490 0 |a Siri Perpustakaan Sistem Suria 
650 0 0 |a Solar system   |x Juvenile literature 
700 0 |a Fatimah Othman ,   |e translated by 
999 |a 029475   |b BUKU   |c JUNIOR BOOKS   |e PERPUSTAKAAN KOMUNITI CAW KOTA DAMANSARA